[Event "Puhajarve rap op 17th"]
[Site "Puhajarve"]
[Date "2016.11.26"]
[Round "20"]
[White "Schuls, Olev"]
[Black "Blomqvist, Erik"]
[Result "1-0"]
[WhiteElo "2224"]
[BlackElo "2567"]
[PlyCount "73"]
[EventDate "2016.11.25"]
[EventType "tourn (rapid)"]
[EventRounds "35"]
[EventCountry "EST"]
[SourceTitle "EXT 2018"]
[Source "ChessBase"]
[SourceDate "2017.10.13"]
[SourceVersion "1"]
[SourceVersionDate "2017.10.13"]
[SourceQuality "1"]

1. e4 c5 2. Nf3 e6 3. d4 cxd4 4. Nxd4 Nf6 5. Bd3 Nc6 6. Nxc6 dxc6 7. 0-0 e5 8. f4 Bc5+ 9. Kh1 Ng4 10. Qe1 Qe7 11. f5 h5 12. Nd2 Bd7 13. Nb3 Bb6 14. a4 a6 15. Nd2 Ba7 16. a5 Qc5 17. h3 0-0-0 18. Nc4 g6 19. b4 Qe7 20. fxg6 fxg6 21. Nb6+ Bxb6 22. axb6 Rdf8 23. Rxf8+ Rxf8 24. hxg4 hxg4 25. Qg3 Qxb4 26. Be3 Rh8+ 27. Kg1 Qe7 28. Bd4 Rh5 29. Rf1 c5 30. Be3 Be6 31. Qf2 Qh7 32. Qf8+ Kd7 33. Bxc5 Rh1+ 34. Kf2 g3+ 35. Ke1 Rxf1+ 36. Bxf1 Bg4 37. Qb8 1-0

[Event "Puhajarve rap op 17th"]
[Site "Puhajarve"]
[Date "2016.11.26"]
[Round "13"]
[White "Sepp, Olav"]
[Black "Schuls, Olev"]
[Result "1/2-1/2"]
[WhiteElo "2429"]
[BlackElo "2224"]
[PlyCount "142"]
[EventDate "2016.11.25"]
[EventType "tourn (rapid)"]
[EventRounds "35"]
[EventCountry "EST"]
[SourceTitle "EXT 2018"]
[Source "ChessBase"]
[SourceDate "2017.10.13"]
[SourceVersion "1"]
[SourceVersionDate "2017.10.13"]
[SourceQuality "1"]

1. Nf3 c5 2. c4 Nc6 3. Nc3 d6 4. d4 cxd4 5. Nxd4 Nf6 6. e4 g6 7. Be2 Bg7 8. Be3 0-0 9. Qd2 Bd7 10. 0-0 Nxd4 11. Bxd4 Bc6 12. f3 a5 13. Rfd1 Nd7 14. Be3 Nc5 15. Rac1 Qb6 16. b3 Rfc8 17. Nd5 Bxd5 18. cxd5 h5 19. Rc2 Qd8 20. Rdc1 b6 21. Bb5 Kh7 22. Qe2 Qh8 23. Rc4 Bh6 24. f4 Bg7 25. g3 Bf6 26. Kg2 Qg7 27. Qc2 Rc7 28. a3 Rca7 29. Bc6 Rb8 30. b4 axb4 31. axb4 Nd7 32. Kf3 Qh6 33. Bb5 Nf8 34. Rc8 Rxc8 35. Qxc8 Ra3 36. Ke2 g5 37. Qf5+ Qg6 38. fxg5 Qxf5 39. exf5 Rxe3+ 40. Kxe3 Bxg5+ 41. Kd3 Bxc1 42. Kc4 Kg7 43. Be8 Kf6 44. Kb5 Be3 45. Kc6 Nh7 46. h4 Bf2 47. b5 Nf8 48. Kc7 Bxg3 49. Kxb6 Bxh4 50. Kc6 Bf2 51. b6 Bxb6 52. Kxb6 h4 53. Bb5 Kxf5 54. Bf1 Ke5 55. Kc6 f5 56. Bg2 e6 57. dxe6 Nxe6 58. Kb5 Nf4 59. Bf3 h3 60. Kc4 h2 61. Kc3 Nh3 62. Kd3 h1Q 63. Bxh1 Nf2+ 64. Ke3 Nxh1 65. Kf3 f4 66. Kg2 Ng3 67. Kf3 d5 68. Kf2 Ke4 69. Kg1 d4 70. Kg2 f3+ 71. Kf2 d3 1/2-1/2

[Event "Puhajarve rap op 16th"]
[Site "Puhajarve"]
[Date "2015.11.29"]
[Round "32"]
[White "Kulaots, Kaido"]
[Black "Schuls, Olev"]
[Result "1-0"]
[WhiteElo "2570"]
[BlackElo "2224"]
[PlyCount "119"]
[EventDate "2015.11.27"]
[EventType "tourn (rapid)"]
[EventRounds "33"]
[EventCountry "EST"]
[EventCategory "1"]
[SourceTitle "CBM 169 Extra"]
[Source "ChessBase"]
[SourceDate "2015.12.18"]
[SourceVersion "1"]
[SourceVersionDate "2015.12.18"]
[SourceQuality "1"]

1. e4 c6 2. d4 d5 3. Nc3 dxe4 4. Nxe4 Nf6 5. Nxf6+ exf6 6. c3 Bd6 7. Bd3 0-0 8. Ne2 Qc7 9. Qc2 Kh8 10. h4 h6 11. Be3 Re8 12. Qd2 f5 13. 0-0-0 Be6 14. Kb1 b5 15. Nf4 Nd7 16. Nh5 Bf8 17. Ng3 Qa5 18. b3 b4 19. c4 Nf6 20. Qc2 Ng4 21. Bc1 g6 22. h5 f4 23. Bxf4 g5 24. Bc1 Bg7 25. f3 Nf6 26. Bf5 Rad8 27. Bxe6 fxe6 28. Bb2 Qc7 29. Ne4 Qf4 30. Nc5 Nd7 31. Nxd7 Rxd7 32. Qg6 Qf5+ 33. Qxf5 exf5 34. Rd2 Kg8 35. Rhd1 Kf7 36. Kc2 Red8 37. d5 Bxb2 38. Kxb2 cxd5 39. cxd5 Kf6 40. a3 bxa3+ 41. Kxa3 Ke5 42. Re1+ Kf4 43. Re6 Rd6 44. Rxd6 Rxd6 45. Kb4 Ke3 46. Kc5 Rd8 47. Rd1 Kf2 48. Rd2+ Ke3 49. Ra2 Rc8+ 50. Kd6 Kd4 51. Kd7 Rb8 52. d6 Rxb3 53. Ke7 Ke3 54. d7 Rd3 55. d8Q Rxd8 56. Kxd8 Kf4 57. Ke7 g4 58. fxg4 Kxg4 59. Kf6 f4 60. Ke5 1-0